Hadas / (Registro nro. 12707)

Detalles MARC
000 -LIDER
fixed length control field 00879nam a22002777a 4500
003 - IDENTIFICACDOR DE NÚMERO DE CONTROL
control field DO-SdBPM
005 - DATE AND TIME OF LATEST TRANSACTION
control field 20250522102206.0
008 - ELEMENTOS DE LONGITUD FIJA
fixed length control field 171027b2008 sp a 00| 0 spa d
020 ## - ISBN
International Standard Book Number 9788466217057
040 ## - FUENTE DE CATALOGACIÓN
Agencia que crea de manera original el registro DO-SdBPM
Idioma de catalogación spa
Agencia que realiza la transcripción BPMSU
082 #4 - NÚMERO DE CLASIFICACIÓN DECIMAL DE DEWEY
Classification number 808.83
Item number H125 2008
Edition number 22
245 00 - MENCIÓN DE TITULO
Título Hadas /
Mención de responsabilidad ilustración Sandra Aguilar
260 ## - PUBLICACIÓN, DISTRIBUCIÓN, ETC. (PIE DE IMPRENTA)
Lugar de publicación, distribución, etc Madrid :
Nombre del editor, distribuidor, etc. Editorial Libsa,
Fecha de publicación, distribución, etc 2008.
Nombre del editor, distribuidor, etc.
300 ## - DESCRIPCIÓN FÍSICA
Extensión 6 p. :
Otros detalles físicos il. ;
Dimensiones 28 cm.
490 0# - MENCIÓN DE SERIES
Mención de serie Puzzlefantásticos
500 ## - NOTA GENERAL
Nota general Libro de paginas de cartón duro.
500 ## - NOTA GENERAL
Nota general Contiene 6 puzzles de 48 piezas
500 ## - NOTA GENERAL
Nota general Libro rompecabezas.
590 ## - NOTA LOCAL
Texto de la nota local Inventariado, 2025/VM
650 #4 - ENCABEZAMIENTO DE MATERIA--TEMÁTICO
Término temático o nombre geográfico como elemento de entrada Cuentos infantiles
Subdivisión de forma Colecciones
650 #4 - ENCABEZAMIENTO DE MATERIA--TEMÁTICO
Término temático o nombre geográfico como elemento de entrada Hadas
Subdivisión de forma Cuentos infantiles
650 #4 - ENCABEZAMIENTO DE MATERIA--TEMÁTICO
Término temático o nombre geográfico como elemento de entrada Rompecabezas
Subdivisión de forma Cuentos infantiles
700 1# - ASIENTO SECUNDARIO -- NOMBRE PERSONAL
Nombre personal Aguilar, Sandra
Mención de responsabilidad ilustraciones
910 ## - VALIDACIÓN
Validación VMateo V. Control de calidad. BPMSU
942 ## - ADDED ENTRY ELEMENTS (KOHA)
Source of classification or shelving scheme Dewey Decimal Classification
Koha item type Libros
Existencias
Withdrawn status Lost status Source of classification or shelving scheme Damaged status Not for loan Collection code Home library Current library Date acquired Source of acquisition Total Checkouts Barcode Date last seen Price effective from Koha item type Full call number
    Dewey Decimal Classification     Colección Infantil General Biblioteca Pública Metropolitana Salomé Ureña Biblioteca Pública Metropolitana Salomé Ureña 10/27/2017 Sin sellar   BPMSU17100164 10/27/2017 10/27/2017 Libros  
    Dewey Decimal Classification     Colección Infantil General Biblioteca Pública Metropolitana Salomé Ureña Biblioteca Pública Metropolitana Salomé Ureña 05/22/2025     BPMSU25050059 05/22/2025 05/22/2025 Libros BPMSU CGI 808.83 H125 2008